Central Library OPAC University of Rajshahi

فهرست کتابخانه اهدائى آقاى سىد محمد مشکوة به کتابخانه دانشگاه تهران ;; Catalogue of Library donated by Mr. Seyed Mohammad Meshkooh to the University of Tehran Library / (Record no. 79063)

MARC details
000 -LEADER
fixed length control field 01054naa a2200241 a 4500
001 - CONTROL NUMBER
control field 79063
003 - CONTROL NUMBER IDENTIFIER
rucl marc code BD-RjUL
005 - DATE AND TIME OF LATEST TRANSACTION
control field 20211226115850.0
008 - FIXED-LENGTH DATA ELEMENTS--GENERAL INFORMATION
fixed length control field 211226s19531332ir ||||| |||| 001 0 per d
035 ## - SYSTEM CONTROL NUMBER
System control number (BD-RjUL)79063
040 ## - CATALOGING SOURCE
Original cataloging agency BD-RjUL
Language of cataloging eng
Transcribing agency BD-RjUL
Modifying agency BD-RjUL
041 ## - LANGUAGE CODE
Language code of text/sound track or separate title per
082 ## - DEWEY DECIMAL CLASSIFICATION NUMBER
Edition number 23
Classification number 027.550216
Author mark and year DAF V-3 1953
100 1# - MAIN ENTRY--PERSONAL NAME
Personal name Danispazuh, Mohammad Taqi ;; دانش پژوه٬ محمد تقى
9 (RLIN) 365
245 10 - TITLE STATEMENT
Title فهرست کتابخانه اهدائى آقاى سىد محمد مشکوة به کتابخانه دانشگاه تهران ;; Catalogue of Library donated by Mr. Seyed Mohammad Meshkooh to the University of Tehran Library /
Statement of responsibility, etc. محمد تقى دانش پژوه ;; Mohammad Taqi Danispazuh.
260 ## - PUBLICATION, DISTRIBUTION, ETC. (IMPRINT)
Place of publication, distribution, etc. Tihrān :
Name of publisher, distributor, etc. Čapḫāna-i danišgāh,
Date of publication, distribution, etc. 1953 [=1332]
300 ## - PHYSICAL DESCRIPTION
Pagination v. ; [690+8 p] ;
Size 24 cm
490 ## - SERIES STATEMENT
Series statement Intišārāt-i Dānišgāh-i Tihrān;
Volume/sequential designation , 303.
520 ## - SUMMARY, ETC.
Summary, etc. Vol. 3.--
650 ## - SUBJECT ADDED ENTRY--TOPICAL TERM
Form subdivision Library
Topical term or geographic name as entry element Catalouge
Geographic subdivision Iran
9 (RLIN) 366
830 ## - SERIES ADDED ENTRY--UNIFORM TITLE
Uniform title Intišārāt-i Dānišgāh-i Tihrān ;
Volume number/sequential designation 303.
942 ## - ADDED ENTRY ELEMENTS (KOHA)
Source of classification or shelving scheme Dewey Decimal Classification
Koha item type Books
Holdings
Lost status Source of classification or shelving scheme Damaged status Not for loan Collection code Permanent Location Current Location Shelving location Date acquired Total Checkouts Full call number Date last seen Copy number Koha item type
  Dewey Decimal Classification   Not For Loan Non-fiction Central Library, University of Rajshahi Central Library, University of Rajshahi Reading Room 26/12/2021   F 027550216 DAF V-3 1953 26/12/2021 C-1 Books